Asian Countries: No Vowels. - Statistics

General Stats
  • This quiz has been taken 169 times
    161 since last reset
  • The average score is 44 of 48
Answer Stats
Hint Answer % Correct
CHN China
98%
QTR Qatar
98%
TRKY Turkey
98%
BNGLDSH Bangladesh
97%
JPN Japan
97%
SR LNK Sri Lanka
97%
THLND Thailand
97%
VTNM Vietnam
97%
FGHNSTN Afghanistan
96%
BHRN Bahrain
96%
CYPRS Cyprus
96%
NRTH KR North Korea
96%
PKSTN Pakistan
96%
STH KR South Korea
96%
TWN Taiwan
96%
YMN Yemen
96%
JRDN Jordan
95%
KZKHSTN Kazakhstan
95%
MLYS Malaysia
95%
MLDVS Maldives
95%
MYNMR Myanmar
95%
PHLPPNS Philippines
95%
BHTN Bhutan
94%
CMBD Cambodia
94%
NPL Nepal
94%
SNGPR Singapore
94%
SYR Syria
94%
ZBKSTN Uzbekistan
94%
KWT Kuwait
92%
KYRGYZSTN Kyrgyzstan
92%
MNGL Mongolia
92%
TRKMNSTN Turkmenistan
92%
LBNN Lebanon
91%
SDI RB Saudi Arabia
91%
TJKSTN Tajikistan
90%
ZERBJN Azerbaijan
89%
GRG Georgia
88%
BRN Brunei
87%
RQ Iraq
87%
LS Laos
87%
ST TMR East Timor
84%
ND India
83%
RN Iran
83%
NTD RB MRTS United Arab Emirates
79%
NDNS Indonesia
76%
SRL Israel
76%
MN Oman
76%
RMN Armenia
72%
No matching quizzes found
Score Distribution
Percent of People with Each Score
Percentile by Number Answered
Your Score History
You have not taken this quiz since the last reset